[Event "23rd EUR-ch"]
[Site "Vrnjacka Banja SRB"]
[Date "2023.03.03"]
[Round "1.237"]
[White "Lazovic, Emilija"]
[Black "Aizenberg, Benny"]
[Result "0-1"]
[WhiteElo "1594"]
[BlackElo "2367"]
[EventDate "2023.03.03"]
[PlyCount "77"]

1.e4 c5 2.Nf3 d6 3.d4 cxd4 4.Nxd4 Nf6 5.Nc3 a6 6.a4 e5 7.Nf3 Be7 8.Bc4 O-O
9.Bg5 Be6 10.Qe2 Nbd7 11.Bxf6 Nxf6 12.Rd1 Qa5 13.O-O Qb4 14.Bxe6 fxe6 15.
Rb1 Nd7 16.Qd2 Nb6 17.Rfd1 Nxa4 18.Nd5 Qxd2 19.Nxe7+ Kf7 20.Rxd2 Kxe7 21.
c3 Nc5 22.Re2 a5 23.b4 axb4 24.cxb4 Nd7 25.Rd2 Nf6 26.Re2 Rfc8 27.Ne1 g5 
28.h3 h5 29.f3 g4 30.Kf2 Rc3 31.Rbb2 Raa3 32.Rbc2 Kd7 33.Rb2 gxh3 34.gxh3 
Nh7 35.h4 Nf8 36.Rec2 Ng6 37.Kg3 Nf4 38.Rd2 Re3 39.Re2 0-1

[Event "23rd EUR-ch"]
[Site "Vrnjacka Banja SRB"]
[Date "2023.03.03"]
[Round "1.238"]
[White "Hnydiuk, Aleksander"]
[Black "Alexandri, Dimitra"]
[Result "1-0"]
[WhiteElo "2364"]
[BlackElo "1586"]
[EventDate "2023.03.03"]
[PlyCount "97"]

1.e4 e5 2.Nf3 Nc6 3.d4 exd4 4.Nxd4 Nf6 5.Nxc6 bxc6 6.e5 Qe7 7.Qe2 Nd5 8.c4
Nb6 9.Nc3 Ba6 10.b3 Qe6 11.Bb2 O-O-O 12.O-O-O Re8 13.f4 d5 14.exd6 Bxd6 
15.Qxe6+ Rxe6 16.g3 Kb8 17.Bg2 Bb7 18.Ne4 c5 19.Nxd6 Bxg2 20.Nxf7 Rhe8 21.
Rhg1 Bf3 22.Ng5 Bxd1 23.Nxe6 Rxe6 24.Rxd1 g6 25.Ba3 Rc6 26.Rd8+ Kb7 27.Kc2
a5 28.Bb2 Re6 29.Be5 Re7 30.a4 Ka6 31.Kd3 Kb7 32.Bc3 Ka6 33.g4 Rf7 34.Ke4 
Re7+ 35.Kf3 Rf7 36.h3 Nd7 37.Ra8+ Kb7 38.Re8 Kb6 39.Ke4 c6 40.f5 gxf5+ 41.
gxf5 Kb7 42.Kf4 Kb6 43.Kg5 Nf8 44.f6 h6+ 45.Kf5 Nh7 46.Re7 Ng5 47.h4 Rf8 
48.hxg5 hxg5 49.f7 1-0

[Event "23rd EUR-ch"]
[Site "Vrnjacka Banja SRB"]
[Date "2023.03.04"]
[Round "2.1"]
[White "Sargissian, Gabriel"]
[Black "Parkhov, Yair"]
[Result "1-0"]
[WhiteElo "2699"]
[BlackElo "2485"]
[EventDate "2023.03.03"]
[PlyCount "111"]

1.Nf3 d5 2.d4 Nf6 3.c4 e6 4.Nc3 Bb4 5.Qa4+ Nc6 6.e3 O-O 7.Qc2 Na5 8.c5 b6 
9.Bd2 Nc4 10.a3 Nxd2 11.Nxd2 Bxc3 12.Qxc3 a5 13.Rc1 Ba6 14.cxb6 cxb6 15.
Bxa6 Rxa6 16.O-O Ra8 17.Rc2 Rc8 18.Qb3 Rxc2 19.Qxc2 Ne8 20.Rc1 Nd6 21.Qb3 
Qb8 22.Rc6 b5 23.a4 Nc4 24.Nxc4 bxc4 25.Qb6 h6 26.g3 g6 27.Kf1 Kg7 28.Ke1 
g5 29.Qb5 Qxb5 30.axb5 Kf6 31.Kd2 Rb8 32.Rc5 g4 33.e4 dxe4 34.Kc3 Ke7 35.
Kxc4 Kd6 36.Kb3 Kd7 37.Ka4 f5 38.Kxa5 Ra8+ 39.Kb4 Rb8 40.Rc6 f4 41.gxf4 h5
42.Rc5 Rf8 43.b6 Rxf4 44.Rc2 e5 45.b7 Rf8 46.Kb5 exd4 47.Kb6 d3 48.Rc7+ 
Ke6 49.Rc8 Rxf2 50.b4 d2 51.b8=Q d1=Q 52.Rc6+ Kf5 53.Rc5+ Kg6 54.Qg8+ Kf6 
55.Qg5+ Kf7 56.Rc7+ 1-0

[Event "23rd EUR-ch"]
[Site "Vrnjacka Banja SRB"]
[Date "2023.03.04"]
[Round "2.2"]
[White "Castellanos Rodriguez, Renier"]
[Black "Martirosian, Haik M."]
[Result "1/2-1/2"]
[WhiteElo "2484"]
[BlackElo "2686"]
[EventDate "2023.03.03"]
[PlyCount "91"]

1.e4 c5 2.Nf3 Nc6 3.Bb5 e6 4.O-O Nge7 5.Re1 a6 6.Bf1 d5 7.exd5 Qxd5 8.Nc3 
Qd8 9.Ne4 Nf5 10.c3 Be7 11.a3 O-O 12.b4 b6 13.d3 Qc7 14.g3 Rd8 15.Qe2 Bd7 
16.Bg2 Be8 17.Bb2 Rac8 18.Rad1 h6 19.h4 Na7 20.bxc5 bxc5 21.Ned2 Nc6 22.
Nc4 Na5 23.Nce5 Nd6 24.c4 Nf5 25.Rb1 Nc6 26.Bc3 Rb8 27.Qc2 Rxb1 28.Rxb1 
Ncd4 29.Qd2 Rb8 30.Rxb8 Qxb8 31.Qb2 Qd6 32.Bxd4 cxd4 33.Qb7 a5 34.Qa8 Qd8 
35.Qa6 Bxa3 36.Nc6 Qd6 37.Nfe5 Bc5 38.Qxa5 f6 39.Qa8 Qf8 40.Nf3 Bd7 41.Qb7
Qc8 42.Qxc8+ Bxc8 43.g4 Ne7 44.Nxe7+ Bxe7 45.Nxd4 e5 46.Nf5 1/2-1/2

[Event "23rd EUR-ch"]
[Site "Vrnjacka Banja SRB"]
[Date "2023.03.04"]
[Round "2.3"]
[White "Anton Guijarro, David"]
[Black "Quparadze, Giga"]
[Result "1/2-1/2"]
[WhiteElo "2685"]
[BlackElo "2483"]
[EventDate "2023.03.03"]
[PlyCount "71"]

1.Nf3 Nf6 2.c4 e6 3.Nc3 Bb4 4.Qc2 O-O 5.a3 Bxc3 6.Qxc3 Re8 7.d4 d6 8.e3 b6
9.Be2 Bb7 10.O-O Nbd7 11.b4 a5 12.Bb2 Qe7 13.Rfd1 Ra7 14.Nd2 axb4 15.axb4 
Rea8 16.f3 h6 17.Rxa7 Rxa7 18.Ra1 Rxa1+ 19.Bxa1 c5 20.dxc5 dxc5 21.b5 e5 
22.Nf1 Ne8 23.Ng3 Nd6 24.Bb2 Qe6 25.Qc2 f6 26.Nf1 Nf8 27.Nd2 Qd7 28.Nb1 
Qf5 29.Qxf5 Nxf5 30.Kf2 Nd6 31.Nc3 Kf7 32.g3 Ke6 33.Na4 Nd7 34.g4 g5 35.h3
Ba8 36.Bc1 1/2-1/2

[Event "23rd EUR-ch"]
[Site "Vrnjacka Banja SRB"]
[Date "2023.03.04"]
[Round "2.4"]
[White "Babazada, Khazar"]
[Black "Navara, David"]
[Result "0-1"]
[WhiteElo "2481"]
[BlackElo "2685"]
[EventDate "2023.03.03"]
[PlyCount "78"]

1.e4 c5 2.Nf3 d6 3.d4 cxd4 4.Nxd4 Nf6 5.Nc3 a6 6.Be2 e5 7.Nb3 Be7 8.g4 h6 
9.h4 Be6 10.Be3 Nbd7 11.Rf1 Nh7 12.Rh1 Bxh4 13.Qxd6 Be7 14.Qd2 Bg5 15.
O-O-O Bxe3 16.Qxe3 Qg5 17.Qxg5 Nxg5 18.f3 O-O-O 19.Nd5 g6 20.c4 h5 21.gxh5
Rxh5 22.Rxh5 gxh5 23.f4 exf4 24.Bxh5 f3 25.Nd2 Ne5 26.Rg1 Nh3 27.Rg3 f2 
28.Be2 Rh8 29.Bf1 Ng1 30.Rg2 Rh1 31.Rxf2 Ng4 32.Rg2 Nf3 33.Kc2 Ne1+ 34.Kc3
Nxg2 35.Bxg2 Rc1+ 36.Kb3 Ne5 37.a4 Nc6 38.Bf1 Nd4+ 39.Kb4 Rc2 0-1

[Event "23rd EUR-ch"]
[Site "Vrnjacka Banja SRB"]
[Date "2023.03.04"]
[Round "2.5"]
[White "Moussard, Jules"]
[Black "Velten, Paul"]
[Result "1-0"]
[WhiteElo "2684"]
[BlackElo "2478"]
[EventDate "2023.03.03"]
[PlyCount "65"]

1.e4 e5 2.Nf3 Nc6 3.Bc4 Nf6 4.d3 a6 5.c3 Bc5 6.O-O Ba7 7.a4 d6 8.Re1 O-O 
9.h3 Ne7 10.Nbd2 Ng6 11.d4 exd4 12.cxd4 d5 13.exd5 Nxd5 14.Ne4 c6 15.Bg5 
f6 16.Bd2 Kh8 17.Qb3 Ngf4 18.Nc3 Bb8 19.Nxd5 cxd5 20.Bf1 g5 21.Rac1 b6 22.
Bb4 Rf7 23.Be7 Rxe7 24.Rxe7 Bxh3 25.Rce1 Bd7 26.g3 Ng6 27.R7e3 Bd6 28.Bd3 
Nf4 29.Bb1 Qf8 30.gxf4 gxf4 31.Rc3 Bh3 32.Nh4 Qg7+ 33.Ng6+ 1-0

[Event "23rd EUR-ch"]
[Site "Vrnjacka Banja SRB"]
[Date "2023.03.04"]
[Round "2.6"]
[White "Kosakowski, Jakub"]
[Black "Predke, Alexander"]
[Result "1/2-1/2"]
[WhiteElo "2476"]
[BlackElo "2684"]
[EventDate "2023.03.03"]
[PlyCount "95"]

1.e4 c5 2.Nf3 e6 3.d4 cxd4 4.Nxd4 Nf6 5.Nc3 Nc6 6.a3 Be7 7.Be3 O-O 8.Be2 
d6 9.O-O e5 10.Nb3 Be6 11.Qd3 Ne8 12.Qd2 h6 13.Nd5 Bg5 14.Bxg5 hxg5 15.
Rad1 g6 16.Bc4 Kg7 17.Qe2 Bxd5 18.Bxd5 Rh8 19.Rd3 Qe7 20.Rfd1 Nd8 21.Nd2 
Rc8 22.Nf1 Nf6 23.Ne3 b6 24.Ba2 Nb7 25.b4 Rh4 26.Nd5 Nxd5 27.Bxd5 Rch8 28.
h3 g4 29.Rc3 Nd8 30.Qc4 Qf6 31.Qc7 gxh3 32.g3 h2+ 33.Kh1 R4h5 34.Bc4 Qxf2 
35.Qxd6 Qf6 36.Qd7 Qc6 37.Qxc6 Nxc6 38.Be2 Nd4 39.Bxh5 Rxh5 40.Rd2 f5 41.
Rc7+ Kf6 42.Rxh2 Rg5 43.c3 Nf3 44.Rc6+ Kg7 45.Rc7+ Kf6 46.Rc6+ Kg7 47.Rc7+
Kf6 48.Rc6+ 1/2-1/2

[Event "23rd EUR-ch"]
[Site "Vrnjacka Banja SRB"]
[Date "2023.03.04"]
[Round "2.7"]
[White "Wojtaszek, Radoslaw"]
[Black "Briakin, Mikhail"]
[Result "1/2-1/2"]
[WhiteElo "2682"]
[BlackElo "2474"]
[EventDate "2023.03.03"]
[PlyCount "103"]

1.d4 d5 2.c4 e6 3.Nc3 Nf6 4.cxd5 Nxd5 5.e4 Nxc3 6.bxc3 c5 7.Rb1 Be7 8.Nf3 
O-O 9.h4 Qc7 10.h5 Rd8 11.h6 g6 12.Bd3 Nc6 13.Bb2 b6 14.Qe2 Bb7 15.a3 Rac8
16.Rd1 Bf6 17.Bb1 Na5 18.O-O Qf4 19.Nh2 cxd4 20.cxd4 Nc4 21.Bc1 Qc7 22.Nf3
b5 23.Rfe1 Be7 24.d5 e5 25.Ba2 f6 26.Nd2 Bd6 27.Nxc4 bxc4 28.Qc2 Ba6 29.
Re3 Bc5 30.Rf3 Qd6 31.Bb2 Rc7 32.Qd2 Rdc8 33.Rc1 Qb6 34.Rd1 Qd6 35.Kh1 Bb6
36.Rc1 Bb5 37.Bc3 Bc5 38.Rb1 Ba6 39.a4 Rf7 40.Rd1 Rb7 41.Rc1 Ba3 42.Rd1 
Bc5 43.Qe2 Ba3 44.Rg3 Qf8 45.Qg4 Bd6 46.Rf3 Rf7 47.Qh4 Rb8 48.Rc1 Ba3 49.
Rc2 Bd6 50.Rc1 Ba3 51.Rc2 Bd6 52.Rc1 1/2-1/2

[Event "23rd EUR-ch"]
[Site "Vrnjacka Banja SRB"]
[Date "2023.03.04"]
[Round "2.8"]
[White "Gelfand, Boris"]
[Black "Alexakis, Dimitris"]
[Result "1-0"]
[WhiteElo "2674"]
[BlackElo "2472"]
[EventDate "2023.03.03"]
[PlyCount "129"]

1.Nf3 Nf6 2.c4 e6 3.g3 d5 4.d4 h6 5.Bg2 Bd6 6.O-O O-O 7.b3 b6 8.Bb2 Bb7 9.
Nc3 Nbd7 10.Qc2 Qe7 11.Nh4 Rfe8 12.Nb5 a6 13.Nxd6 cxd6 14.Ba3 Rec8 15.Rac1
Nf8 16.Qd2 g5 17.Nf3 a5 18.Ne5 Qd8 19.Nd3 Ng6 20.Rc2 Rc7 21.Rfc1 Rac8 22.
c5 dxc5 23.dxc5 Ne4 24.Qd1 Ba6 25.cxb6 Rxc2 26.Rxc2 Rxc2 27.Qxc2 Qxb6 28.
Bxe4 dxe4 29.Nc5 Qc6 30.Qd2 Bb5 31.Qxa5 e5 32.Qd2 h5 33.Bb4 h4 34.a4 Ba6 
35.Qd7 Qb6 36.Nxa6 Qxa6 37.Qb5 Qc8 38.Qc4 Qg4 39.Bd2 Qd7 40.Bxg5 Qd1+ 41.
Kg2 h3+ 42.Kxh3 Qf1+ 43.Kg4 Qxf2 44.Qxe4 Qxh2 45.Bf6 Qf2 46.Qf3 Qb6 47.Kh3
e4 48.Qf5 Qe3 49.Qc8+ Kh7 50.Qc4 Nf4+ 51.Kg4 Ne6 52.Qb5 Kg8 53.a5 Qf2 54.
Bc3 Qe3 55.Ba1 Qc1 56.Qe5 Kf8 57.a6 Qd1 58.Qb8+ Ke7 59.Qb4+ Ke8 60.Qb5+ 
Ke7 61.Be5 Qh1 62.Qb7+ Kf8 63.a7 f5+ 64.Kxf5 Qh3+ 65.g4 1-0

[Event "23rd EUR-ch"]
[Site "Vrnjacka Banja SRB"]
[Date "2023.03.04"]
[Round "2.9"]
[White "Clarke, Brandon"]
[Black "Saric, Ivan"]
[Result "0-1"]
[WhiteElo "2475"]
[BlackElo "2674"]
[EventDate "2023.03.03"]
[PlyCount "130"]

1.e4 c5 2.c3 d6 3.d4 Nf6 4.Bd3 cxd4 5.cxd4 e5 6.Nf3 exd4 7.Nxd4 Be7 8.O-O 
O-O 9.Nc3 Nc6 10.Nde2 Re8 11.h3 Nd7 12.Nd5 Nc5 13.Nxe7+ Qxe7 14.Nc3 Nxd3 
15.Qxd3 Be6 16.b3 Rad8 17.Ba3 Qg5 18.f4 Qa5 19.Bb2 d5 20.exd5 Bxd5 21.Nxd5
Qxd5 22.Qg3 Qc5+ 23.Kh2 Qf8 24.Rae1 f6 25.Rxe8 Rxe8 26.Re1 Rxe1 27.Qxe1 
Kf7 28.Qd2 Qe7 29.Qd3 h6 30.f5 Kg8 31.a3 Kh8 32.b4 a6 33.Bc3 Qc7+ 34.g3 
Ne7 35.Bb2 b5 36.Qe4 Qd7 37.g4 Kh7 38.Kg3 Qd6+ 39.Kh4 h5 40.Bc1 hxg4 41.
Bf4 Qd4 42.Qxd4 Nxf5+ 43.Kxg4 Nxd4 44.Be3 Nc2 45.Bc1 Kg6 46.h4 Nd4 47.h5+ 
Kf7 48.Bb2 Nc6 49.Kf5 Ne7+ 50.Ke4 Ke6 51.Bc1 Nc6 52.Be3 f5+ 53.Kf4 Kf6 54.
Bd2 g5+ 55.hxg6 Kxg6 56.Bc3 Nb8 57.Ke5 Nd7+ 58.Ke6 Nb6 59.Bd2 Na4 60.Bc1 
Nc3 61.Ke5 Nd1 62.Ke6 Nf2 63.Bd2 Nd3 64.Kd5 Kh5 65.Kc6 f4 0-1

[Event "23rd EUR-ch"]
[Site "Vrnjacka Banja SRB"]
[Date "2023.03.04"]
[Round "2.10"]
[White "Sarana, Alexei"]
[Black "Firat, Burak"]
[Result "1-0"]
[WhiteElo "2668"]
[BlackElo "2471"]
[EventDate "2023.03.03"]
[PlyCount "65"]

1.d4 Nf6 2.c4 g6 3.Nc3 Bg7 4.e4 d6 5.Be2 O-O 6.Be3 c5 7.d5 e6 8.Nf3 exd5 
9.cxd5 b5 10.e5 dxe5 11.Bxc5 Re8 12.Bxb5 Nbd7 13.Be3 Ng4 14.Qd2 e4 15.Nd4 
Nde5 16.O-O Nxe3 17.fxe3 Bd7 18.Rac1 Bxb5 19.Ncxb5 Nd3 20.Rc2 Bxd4 21.Nxd4
Qxd5 22.Rc7 Ne5 23.Qc3 Qxa2 24.b3 Qa6 25.Nc6 Qd3 26.Ne7+ Rxe7 27.Qxd3 exd3
28.Rxe7 Nc6 29.Rexf7 Re8 30.Rd7 Nb4 31.Ra1 a6 32.Ra4 a5 33.Rxa5 1-0

[Event "23rd EUR-ch"]
[Site "Vrnjacka Banja SRB"]
[Date "2023.03.04"]
[Round "2.11"]
[White "Janzelj, Tim"]
[Black "Shevchenko, Kirill"]
[Result "0-1"]
[WhiteElo "2472"]
[BlackElo "2668"]
[EventDate "2023.03.03"]
[PlyCount "74"]

1.e4 c5 2.c3 d5 3.exd5 Nf6 4.Bb5+ Nbd7 5.d4 a6 6.Be2 Nxd5 7.Nf3 e6 8.c4 
N5f6 9.O-O Qc7 10.Nc3 Be7 11.dxc5 Bxc5 12.a3 b6 13.b4 Bd6 14.Qd2 Bb7 15.
Rd1 Ke7 16.h3 Rhd8 17.Qc2 Rac8 18.Be3 Bxf3 19.Bxf3 Qxc4 20.Rac1 Be5 21.Rd3
Bxc3 22.Rxc3 Qxc3 23.Qxc3 Rxc3 24.Rxc3 Nd5 25.Bxd5 exd5 26.Rc7 Kd6 27.Ra7 
Ke5 28.Rxa6 d4 29.Bg5 f6 30.Bd2 Ke4 31.a4 Kd3 32.Bf4 g5 33.Bd6 Kc3 34.Ra7 
d3 35.Rc7+ Kb3 36.Kf1 Ne5 37.Bxe5 d2 0-1

[Event "23rd EUR-ch"]
[Site "Vrnjacka Banja SRB"]
[Date "2023.03.04"]
[Round "2.12"]
[White "Naer, Evgeny"]
[Black "Kurmann, Oliver"]
[Result "1-0"]
[WhiteElo "2666"]
[BlackElo "2464"]
[EventDate "2023.03.03"]
[PlyCount "73"]

1.e4 c5 2.Nf3 e6 3.Nc3 Nc6 4.Bb5 Nd4 5.O-O a6 6.Bd3 Nc6 7.b3 g6 8.e5 Bg7 
9.Re1 d6 10.exd6 Nf6 11.Bb2 O-O 12.Qc1 Qxd6 13.Ne4 Qe7 14.Nxf6+ Bxf6 15.
Bxf6 Qxf6 16.Be4 Bd7 17.Qa3 Nd4 18.Nxd4 cxd4 19.Bxb7 Ra7 20.Be4 Rc8 21.Qd6
Kg7 22.Rac1 a5 23.Qb6 Rcc7 24.c4 dxc3 25.dxc3 a4 26.b4 e5 27.Qxf6+ Kxf6 
28.c4 Be6 29.b5 Rxc4 30.b6 Rd7 31.Rxc4 Bxc4 32.b7 Rd8 33.Rb1 Rb8 34.Rb4 
Bxa2 35.Rxa4 Bb1 36.Bd5 Rd8 37.h4 1-0

[Event "23rd EUR-ch"]
[Site "Vrnjacka Banja SRB"]
[Date "2023.03.04"]
[Round "2.13"]
[White "Cheparinov, Ivan"]
[Black "Stefansson, Vignir Vatnar"]
[Result "1-0"]
[WhiteElo "2661"]
[BlackElo "2461"]
[EventDate "2023.03.03"]
[PlyCount "119"]

1.e4 e5 2.Nf3 Nc6 3.Bb5 Nf6 4.O-O Nxe4 5.d4 Nd6 6.Bxc6 dxc6 7.dxe5 Nf5 8.
Qxd8+ Kxd8 9.h3 Ke8 10.Nc3 h5 11.Bf4 Be7 12.Rad1 Be6 13.Ng5 Rh6 14.Rfe1 h4
15.Nce4 Bd5 16.b3 Rd8 17.c4 Bxe4 18.Rxd8+ Bxd8 19.Nxe4 Rg6 20.c5 Re6 21.
Kf1 Be7 22.b4 b6 23.f3 Kd7 24.Kf2 Rg6 25.Rd1+ Kc8 26.a4 Re6 27.Rd2 Rg6 28.
a5 bxa5 29.bxa5 a6 30.Rd3 Re6 31.Bh2 Rh6 32.f4 Rh8 33.Ke2 Rd8 34.Bg1 Rxd3 
35.Kxd3 g6 36.Kc4 Kd7 37.Bd4 Ke6 38.Nf2 Kd7 39.Nd3 Kc8 40.Bf2 Bd8 41.Nb4 
Kb7 42.Kd3 Be7 43.Ke4 Ng7 44.Kf3 Nf5 45.Nd3 Kc8 46.e6 f6 47.Kg4 Ng7 48.f5 
Nxf5 49.Nf4 Nh6+ 50.Kxh4 f5+ 51.Kg3 g5 52.Ne2 Ng8 53.Kf3 Nf6 54.Ng3 f4 55.
Nf5 Kd8 56.Nd4 Ke8 57.Nxc6 Nd5 58.Bd4 Bf8 59.Ke4 Ne3 60.e7 1-0

[Event "23rd EUR-ch"]
[Site "Vrnjacka Banja SRB"]
[Date "2023.03.04"]
[Round "2.14"]
[White "Bronstein, Or"]
[Black "Bacrot, Etienne"]
[Result "1/2-1/2"]
[WhiteElo "2465"]
[BlackElo "2659"]
[EventDate "2023.03.03"]
[PlyCount "77"]

1.d4 d5 2.c4 c6 3.Nf3 Nf6 4.e3 Bf5 5.Nc3 e6 6.Nh4 Bg6 7.Nxg6 hxg6 8.Qb3 
Qc7 9.Bd2 Nbd7 10.cxd5 exd5 11.O-O-O a5 12.Qc2 Rxh2 13.Rxh2 Qxh2 14.a3 Be7
15.f3 b5 16.Kb1 b4 17.Na4 Qc7 18.Rc1 bxa3 19.Qxc6 Qxc6 20.Rxc6 Bb4 21.Bc1 
axb2 22.Kxb2 Ke7 23.Bd3 Rb8 24.Kc2 Rh8 25.Kb3 Rb8 26.Kc2 Kd8 27.e4 Rc8 28.
Rxc8+ Kxc8 29.Ba6+ Kd8 30.Kd3 dxe4+ 31.fxe4 Ne8 32.e5 Nc7 33.Bc4 Ke7 34.
Ke4 f6 35.Be3 fxe5 36.dxe5 Ne6 37.Kd5 Nc7+ 38.Ke4 Ne6 39.Kd5 1/2-1/2

[Event "23rd EUR-ch"]
[Site "Vrnjacka Banja SRB"]
[Date "2023.03.04"]
[Round "2.15"]
[White "Grandelius, Nils"]
[Black "Willow, Jonah"]
[Result "1-0"]
[WhiteElo "2658"]
[BlackElo "2459"]
[EventDate "2023.03.03"]
[PlyCount "87"]

1.e4 c5 2.Nf3 e6 3.Be2 Nc6 4.O-O Nf6 5.Nc3 e5 6.Bc4 Be7 7.Ng5 O-O 8.f4 d6 
9.d3 exf4 10.Bxf4 Bg4 11.Qd2 Ne5 12.Bxe5 dxe5 13.Kh1 h6 14.Nf3 Qd6 15.Nh4 
Nd7 16.Nf5 Bxf5 17.Rxf5 Nb6 18.Nd5 Nxd5 19.Bxd5 g6 20.Rf3 Kg7 21.c4 Rab8 
22.Raf1 f6 23.Rg3 Qd7 24.Qe2 g5 25.Rh3 Rh8 26.Rf5 Qe8 27.Rhf3 Rf8 28.Rf2 
b5 29.cxb5 Rxb5 30.g3 Rb6 31.Kg2 a5 32.Qe1 a4 33.Qa5 Qb8 34.Qxa4 Rxb2 35.
Rxb2 Qxb2+ 36.Rf2 Qb6 37.Qd7 Qd6 38.Qxd6 Bxd6 39.a4 Rb8 40.a5 Rb5 41.a6 
Bb8 42.Bc4 Rb4 43.h4 Rb6 44.Kh3 1-0

[Event "23rd EUR-ch"]
[Site "Vrnjacka Banja SRB"]
[Date "2023.03.04"]
[Round "2.16"]
[White "Kaasen, Tor Fredrik"]
[Black "Korobov, Anton"]
[Result "0-1"]
[WhiteElo "2464"]
[BlackElo "2658"]
[EventDate "2023.03.03"]
[PlyCount "94"]

1.e4 e5 2.Nf3 Nc6 3.Bb5 a6 4.Ba4 Nf6 5.O-O Be7 6.Re1 b5 7.Bb3 d6 8.c3 O-O 
9.h3 Bb7 10.d4 Re8 11.Ng5 Rf8 12.Nf3 h6 13.Nbd2 Re8 14.Nf1 Bf8 15.Ng3 Na5 
16.Bc2 Nc4 17.a4 c6 18.b3 Nb6 19.a5 Nbd7 20.Be3 c5 21.d5 g6 22.c4 b4 23.
Nf1 Bg7 24.g4 h5 25.N1h2 Nf8 26.Kh1 Bc8 27.Rg1 Ra7 28.Qd2 hxg4 29.hxg4 
N6h7 30.g5 f5 31.gxf6 Nxf6 32.Bg5 Bh8 33.Nh4 Rh7 34.Rg2 Qc7 35.Rag1 Nh5 
36.Nf5 Bg7 37.Nxg7 Qxg7 38.Qe3 Qf7 39.f3 Nf4 40.Rd2 Rh5 41.Bxf4 exf4 42.
Qe1 Nd7 43.e5 Nxe5 44.Re2 Bf5 45.Bxf5 Qxf5 46.Qa1 Kf7 47.Qa4 Reh8 0-1

[Event "23rd EUR-ch"]
[Site "Vrnjacka Banja SRB"]
[Date "2023.03.04"]
[Round "2.17"]
[White "Ponomariov, Ruslan"]
[Black "Cabarkapa, Novak"]
[Result "1-0"]
[WhiteElo "2655"]
[BlackElo "2458"]
[EventDate "2023.03.03"]
[PlyCount "55"]

1.e4 e5 2.Nf3 Nc6 3.Bc4 d6 4.Nc3 Be7 5.d4 Nf6 6.d5 Nb8 7.h3 Nbd7 8.Be3 O-O
9.O-O c6 10.a4 Nb6 11.Bb3 a5 12.Qd3 Ra6 13.Nd2 cxd5 14.Bxb6 Qxb6 15.Nxd5 
Nxd5 16.Bxd5 Bg5 17.Nc4 Qd8 18.c3 Kh8 19.b4 axb4 20.cxb4 f5 21.b5 Ra7 22.
exf5 Bxf5 23.Qa3 b6 24.a5 bxa5 25.b6 Ra6 26.Qb3 Qd7 27.Rxa5 Rxa5 28.Nxa5 
1-0

[Event "23rd EUR-ch"]
[Site "Vrnjacka Banja SRB"]
[Date "2023.03.04"]
[Round "2.18"]
[White "Sousa, Andre Ventura"]
[Black "Santos Latasa, Jaime"]
[Result "1/2-1/2"]
[WhiteElo "2464"]
[BlackElo "2655"]
[EventDate "2023.03.03"]
[PlyCount "105"]

1.d4 Nf6 2.Nf3 e6 3.Bf4 c5 4.e3 Nc6 5.Nbd2 h6 6.h3 d5 7.c3 Bd6 8.dxc5 Bxc5
9.Be2 O-O 10.O-O Re8 11.b4 Bd6 12.Bxd6 Qxd6 13.b5 Ne5 14.c4 Nxf3+ 15.Bxf3 
Bd7 16.Qb3 a6 17.a4 axb5 18.axb5 Qc5 19.Rfc1 Rxa1 20.Rxa1 Rc8 21.cxd5 exd5
22.Rb1 Bf5 23.Re1 Bc2 24.Qb2 Bd3 25.e4 dxe4 26.Nxe4 Bxe4 27.Bxe4 Nxe4 28.
Rxe4 Qc1+ 29.Qxc1 Rxc1+ 30.Kh2 Kf8 31.Re5 Rc4 32.g4 Rb4 33.Kg3 f6 34.Rc5 
b6 35.Rc7 Rxb5 36.Rb7 Kg8 37.h4 h5 38.gxh5 Kh7 39.Rb8 Rb4 40.Kh3 b5 41.Kg3
Rb1 42.Kg2 b4 43.Kh2 Rb2 44.Kg2 Rb3 45.Kg1 Rb1+ 46.Kg2 Rb2 47.Kg3 b3 48.
Kg2 Rb1 49.Kh2 Rb2 50.Kg2 Rb1 51.Kh2 Rb2 52.Kg2 Rb1 53.Kh2 1/2-1/2

[Event "23rd EUR-ch"]
[Site "Vrnjacka Banja SRB"]
[Date "2023.03.04"]
[Round "2.19"]
[White "Donchenko, Alexander"]
[Black "Nevednichy, Vladislav"]
[Result "1-0"]
[WhiteElo "2653"]
[BlackElo "2457"]
[EventDate "2023.03.03"]
[PlyCount "69"]

1.Nf3 Nf6 2.c4 g6 3.Nc3 Bg7 4.e4 d6 5.d4 O-O 6.Be2 e5 7.O-O h6 8.Re1 Nbd7 
9.Rb1 Re8 10.d5 a5 11.Bd2 Nc5 12.Bf1 Bd7 13.b3 b6 14.h3 Kh7 15.a3 a4 16.b4
Nb3 17.Be3 Ng8 18.Nd2 Nd4 19.Bd3 c5 20.dxc6 Bxc6 21.Bc2 Ne7 22.Bxa4 Bxa4 
23.Nxa4 f5 24.Bxd4 exd4 25.Qb3 fxe4 26.Rxe4 d5 27.cxd5 Nxd5 28.Rxe8 Qxe8 
29.Qxd5 Rxa4 30.Nc4 Qe2 31.Rc1 h5 32.Nd6 Rxa3 33.Ne4 Ra7 34.Qe6 d3 35.Rc6 
1-0

[Event "23rd EUR-ch"]
[Site "Vrnjacka Banja SRB"]
[Date "2023.03.04"]
[Round "2.20"]
[White "Vogel, Roven"]
[Black "Nguyen Thai Dai Van"]
[Result "0-1"]
[WhiteElo "2462"]
[BlackElo "2651"]
[EventDate "2023.03.03"]
[PlyCount "94"]

1.c4 Nf6 2.Nf3 e6 3.d4 d5 4.Nc3 c6 5.e3 Nbd7 6.Be2 Bd6 7.O-O O-O 8.b3 Ne4 
9.Nxe4 dxe4 10.Nd2 f5 11.c5 Bc7 12.Nc4 Qh4 13.Nd6 Nf6 14.b4 Nd5 15.Qb3 
Bxd6 16.cxd6 a6 17.a4 Qd8 18.Bb2 Bd7 19.b5 axb5 20.axb5 Rxa1 21.Rxa1 cxb5 
22.Bxb5 Bxb5 23.Qxb5 Qxd6 24.Qxb7 Qb4 25.Qxb4 Nxb4 26.d5 Nxd5 27.Be5 Re8 
28.h3 Re7 29.g4 Kf7 30.Kg2 Rd7 31.Kg3 Nb4 32.gxf5 exf5 33.h4 Nd3 34.Bf4 
Kg6 35.f3 Nxf4 36.Kxf4 exf3 37.Kxf3 Kh5 38.Ra4 Re7 39.Rb4 g6 40.Ra4 h6 41.
Rd4 Ra7 42.Kf2 Ra2+ 43.Kg3 Re2 44.Kf3 Rh2 45.Kg3 Rh1 46.Rb4 Rg1+ 47.Kh3 
Re1 0-1

[Event "23rd EUR-ch"]
[Site "Vrnjacka Banja SRB"]
[Date "2023.03.04"]
[Round "2.21"]
[White "Gledura, Benjamin"]
[Black "Grieve, Harry"]
[Result "1-0"]
[WhiteElo "2637"]
[BlackElo "2455"]
[EventDate "2023.03.03"]
[PlyCount "81"]

1.e4 e6 2.d4 d5 3.Nc3 Nf6 4.Bg5 h6 5.Bxf6 Qxf6 6.a3 Qd8 7.Nf3 c6 8.Bd3 
dxe4 9.Nxe4 Nd7 10.Qe2 Be7 11.O-O-O Qc7 12.Ng3 b6 13.Kb1 Bb7 14.Nh5 Bf8 
15.Ne5 Nxe5 16.dxe5 O-O-O 17.Ba6 Bc5 18.Nxg7 Rdg8 19.Bxb7+ Kxb7 20.Nh5 
Rxg2 21.Nf6 Rxf2 22.Qg4 Rd8 23.Rxd8 Qxd8 24.Ne4 h5 25.Qxh5 Rf5 26.Nxc5+ 
bxc5 27.Qe2 Qd4 28.Rd1 Qxe5 29.Rd7+ Kb6 30.Qc4 Qe1+ 31.Ka2 Qa5 32.Qh4 c4 
33.Qe7 Qc5 34.Qd8+ Ka6 35.Qc8+ Ka5 36.Rc7 Kb5 37.a4+ Kxa4 38.Qa6+ Qa5 39.
Qxc4+ Qb4 40.Rxa7+ Ra5 41.b3# 1-0

[Event "23rd EUR-ch"]
[Site "Vrnjacka Banja SRB"]
[Date "2023.03.04"]
[Round "2.22"]
[White "Sanikidze, Tornike"]
[Black "Indjic, Aleksandar"]
[Result "1/2-1/2"]
[WhiteElo "2459"]
[BlackElo "2636"]
[EventDate "2023.03.03"]
[PlyCount "117"]

1.d4 Nf6 2.c4 e6 3.Nf3 d5 4.Nc3 a6 5.cxd5 exd5 6.Bg5 Be6 7.e3 Nbd7 8.Bd3 
Bd6 9.Qc2 c6 10.Bh4 h6 11.Bg3 Qc7 12.Bxd6 Qxd6 13.h3 Rc8 14.O-O O-O 15.
Rab1 Rfe8 16.Rfc1 Kh8 17.a3 g5 18.Bf5 Rg8 19.Ne2 Bxf5 20.Qxf5 Rce8 21.Ng3 
Rg6 22.Nd2 h5 23.h4 Reg8 24.hxg5 Rxg5 25.Qh3 Qe6 26.Qxe6 fxe6 27.Nf3 Rg4 
28.Kf1 h4 29.Ne2 Nh5 30.Nc3 Rf8 31.Ne1 e5 32.dxe5 Nxe5 33.Ke2 Kg7 34.b3 
Rg6 35.Rd1 Rgf6 36.f3 Rg6 37.Rd4 Ng3+ 38.Kd2 h3 39.gxh3 Nxf3+ 40.Nxf3 Rxf3
41.Rf4 Rxf4 42.exf4 Kf6 43.Rg1 a5 44.Kd3 Kf5 45.h4 Rg4 46.Ke3 Nh5 47.Rxg4 
Kxg4 48.Kd4 Nxf4 49.b4 Kf5 50.Kc5 axb4 51.axb4 Nd3+ 52.Kb6 Nxb4 53.Kxb7 d4
54.Ne2 d3 55.Nc3 d2 56.Nd1 Kg4 57.Kb6 Kxh4 58.Kc5 Na2 59.Kc4 1/2-1/2

[Event "23rd EUR-ch"]
[Site "Vrnjacka Banja SRB"]
[Date "2023.03.04"]
[Round "2.23"]
[White "Rakhmanov, Alexander"]
[Black "Royal, Shreyas"]
[Result "1-0"]
[WhiteElo "2635"]
[BlackElo "2452"]
[EventDate "2023.03.03"]
[PlyCount "77"]

1.d4 Nf6 2.c4 e6 3.Nc3 d5 4.Bg5 Be7 5.e3 O-O 6.Rc1 h6 7.Bh4 b6 8.Bxf6 Bxf6
9.cxd5 exd5 10.Qf3 Be6 11.Bc4 c6 12.Bb3 Qd7 13.h3 Na6 14.Nge2 Nc7 15.O-O 
Rfd8 16.Nf4 Rac8 17.Rfd1 Bg5 18.Nce2 Ne8 19.Ba4 Nd6 20.Nd3 Bf6 21.Nef4 Nc4
22.Bb3 Na5 23.Nh5 Qe7 24.Nxf6+ Qxf6 25.Qxf6 gxf6 26.Ba4 Kf8 27.b4 Nc4 28.
Bb3 Nd6 29.f3 Ke7 30.Kf2 b5 31.a4 bxa4 32.Bxa4 Nc4 33.Ra1 Rc7 34.Nc5 a5 
35.bxa5 Nxa5 36.Bc2 Ra8 37.Ra3 Rca7 38.Rda1 Rb8 39.Kg1 1-0

[Event "23rd EUR-ch"]
[Site "Vrnjacka Banja SRB"]
[Date "2023.03.04"]
[Round "2.24"]
[White "Ghimpu, Samuel-Timotei"]
[Black "Petrosian, Manuel"]
[Result "1/2-1/2"]
[WhiteElo "2459"]
[BlackElo "2634"]
[EventDate "2023.03.03"]
[PlyCount "116"]

1.e4 e5 2.Nf3 Nc6 3.Nc3 Nf6 4.h3 d5 5.exd5 Nxd5 6.Bb5 Nxc3 7.bxc3 Bd6 8.
O-O O-O 9.Re1 Re8 10.d4 Bd7 11.Bg5 Qc8 12.dxe5 Bc5 13.Qd5 Bb6 14.Bd3 Bf5 
15.g4 Qe6 16.c4 Qxd5 17.cxd5 Bxd3 18.dxc6 Ba6 19.a4 bxc6 20.Be3 Rad8 21.a5
Bxe3 22.Rxe3 Rd5 23.Rc3 c5 24.Kg2 Kf8 25.Kg3 h6 26.h4 Rb8 27.Re3 Bc8 28.
Ne1 Rb2 29.f3 g6 30.Rc3 Ba6 31.Re3 Ke7 32.Raa3 c4 33.f4 Rbb5 34.Ra4 Rb2 
35.h5 gxh5 36.gxh5 Bb5 37.Ra1 Bd7 38.Rc3 Rb4 39.Ng2 Rb8 40.Rxc4 Rg8+ 41.
Kf3 Kd8 42.Ne3 Rb5 43.Ra3 f6 44.exf6 Rxh5 45.Rac3 Rf8 46.Rxc7 Rxa5 47.Ng4 
Bxg4+ 48.Kxg4 Rxf6 49.Rh7 Ra4 50.Rb3 Rfxf4+ 51.Kg3 Rg4+ 52.Kf3 Raf4+ 53.
Ke3 Re4+ 54.Kf3 Rgf4+ 55.Kg3 Rg4+ 56.Kf3 Rgf4+ 57.Kg3 Rg4+ 58.Kf3 Rgf4+ 
1/2-1/2